000 00899cam a2200253 i 4500
001 19157373
005 20180109033526.0
008 160629s2016 ilua b 000 0 eng
010 _a 2016030519
020 _a9781634254908 (print : alk. paper)
040 _aDLC
_beng
_cDLC
_erda
_dDLC
041 _aeng
042 _apcc
043 _an-us---
080 _a347.73 FRA
082 0 0 _a347.73 FRA
_223
100 _a13
101 _aJUR
245 0 4 _aThe improvement of the administration of justice /
_cPeter Koelling, editor ; in collaboration with the Judicial Division Lawyers Conference Handbook Committee.
504 _aIncludes bibliographical references.
906 _a7
_bcbc
_corignew
_d1
_eecip
_f20
_gy-gencatlg
942 _2ddc
_cBK
999 _c39822
_d39822